000 00282nam a22001217a 4500
008 170713b xxu||||| |||| 00| 0 eng d
041 _aeng
080 _a038
100 _a23
101 _aFJA
245 _aTHORPES DICTIONARY APPLIED CHEMISTRY
_cTHORPE.J.F
942 _2udc
_cBK
999 _c20472
_d20472